Furthest west - Statistics

General Stats
  • This quiz has been taken 17 times
  • The average score is 5 of 10
Answer Stats
Question Answer % Correct
Georgetown or Stanley? Georgetown
69%
Honolulu or Anchorage? Honolulu
63%
Quito or Kingston? Quito
63%
Havana or Lima? Havana
56%
Houston or Guatemala city? Houston
50%
New York or Santiago? New York
44%
San Francisco or Seattle? San Francisco
44%
Dublin or Madrid? Dublin
38%
Buenos Aires or Asuncion? Buenos Aires
25%
Miami or Panama City? Miami
25%
No matching quizzes found
Score Distribution
Percent of People with Each Score
Percentile by Number Answered
Your Score History
You have not taken this quiz